000 00279nam a2200121Ia 4500
100 _aCosta J.E.
942 _cBK
654 _aComputer
245 _aPlanning & Designing high speed Networks
260 _bPrentice Hall
_aNew Jersey
_c1995
546 _aENGLISH
999 _c26499
_d26499